| 000 | 00873nam0a22003011 4500 | ||
|---|---|---|---|
| 001 | RU\NLR\A1SV\72132 | ||
| 005 | 20251203171251.9 | ||
| 035 | _a(NLR Aleph) 009753665 | ||
| 090 |
_a9990799 _c9990799 |
||
| 100 | _a20060901d1919 u y0rusy50 ca | ||
| 101 | 0 | _arus | |
| 102 | _aRU | ||
| 200 | 1 |
_aТихий трудолюбивый край _eБеседа с солдатом [о Финляндии] _fГ.О. |
|
| 210 |
_aНово-Николаевск _cНовая Россия _d1919 |
||
| 215 |
_a16 с. _d18 см |
||
| 300 | _aКриптоним авт. указан в конце текста | ||
| 620 | _dНовосибирск | ||
| 701 | 0 | _aГ.О. | |
| 801 | 0 |
_aRU _bNLR _c20060901 |
|
| 852 |
_aNLR _j91/1331 |
||
| 899 | _aНБ ТГУ | ||
| 899 | _aГАРФ | ||
| 899 | _aРГБ | ||
| 899 | _aSLK | ||
| 942 | _cBOOK | ||
| 980 | _aNB | ||
| 980 | _aA1SV | ||